| 000 | 00756nam a2200253Ia 4500 | ||
|---|---|---|---|
| 003 | OSt | ||
| 005 | 20220918205549.0 | ||
| 006 | a|||||r|||| 00| 0 | ||
| 007 | ta | ||
| 008 | 220917b |||||||| |||| 00| 0 eng d | ||
| 024 | _a117,044 | ||
| 037 | _cTextual | ||
| 040 |
_aARTS _cARTS _beng |
||
| 041 |
_2eng _aeng |
||
| 082 | _aV642.M8, G7 | ||
| 100 |
_aAydelotte William Osgood _9115474 |
||
| 245 | 0 |
_aBismarc and British colonial policy _b The problem of South West Africa 1883-1885 |
|
| 260 |
_aNew York _bOctagon books _c1937 |
||
| 300 |
_a179p. _ccm. |
||
| 500 | _aBibliography p169-176; Appendix p137-168 (I-IV) | ||
| 650 | _aHISTORY | ||
| 942 |
_hV642.M8, G7 _cTEXL _2CC |
||
| 999 |
_c240338 _d240338 |
||